Voyageurs et écrivains français en Égypte /

محفوظ في:

المؤلف الرئيسي: Carré, Jean Marie, 1887-1958.

التنسيق: كتاب

اللغة: French

منشور في: Le Caire : Institut franca̧is d'archéologie orientale, 1956.

الطبعة: 2. éd., rev. et corr.

سلاسل: Recherches d'Archeologie de Philologie et d'Histoire ; 4-5.
RAPH ; 4-5.

الموضوعات:

الوسوم: إضافة وسم

لا توجد وسوم, كن أول من يضع وسما على هذه التسجيلة!

رقم الطلب: DT57 .C14 v.4-5 1956 DT48 .C3 1956

LEADER 01661cam a2200409Ma 4500
001 3462478
003 OSt
005 20260428093251.0
008 880422s1956 ua af b 001 0 fre d
035 |a (OCoLC)20468557 
035 |a 3462478 
040 |c ARCE Library 
043 |a f-ua---  |a e-fr--- 
050 4 |a DT57 .C14 v.4-5 1956 
090 |a DT48  |b .C3 1956 
100 1 |a Carré, Jean Marie,  |d 1887-1958. 
245 1 0 |a Voyageurs et écrivains français en Égypte /  |c Jean-Marie Carré. 
250 |a 2. éd., rev. et corr. 
264 1 |a Le Caire :   |b Institut franca̧is d'archéologie orientale,   |c 1956. 
300 |a 2 v., [2] leaves of plates :  |b ill. ;  |c 25 cm. 
336 |2 rdacontent  |a text  |b txt 
337 |2 rdamedia  |a unmediated  |b n 
338 |2 rdacarrier  |a volume  |b n 
490 0 |a Recherches d'Archeologie de Philologie et d'Histoire ;   |v 4-5. 
490 0 |a RAPH ;   |v 4-5. 
500 |a "Grand prix Gobert 1933." 
500 |a Includes indexes. 
504 |a "Bibliographie génerále": t. 1, p.xl. 
505 0 |a 1. La découverte de l'Égypte et les voyageurs français du XVIe siècle à la révolution. L'investigation scientifique de l'Egypte à la fin du XVIIIe siècle. L'Egypte nouvelle et les hôtes de Méhémet-Ali -- 2. Les voyageurs littéraires au lendemain du romantisme. L'Égypte inspiratrice de Théophile Gautier. Le percement de l'isthme de Suez. 
650 0 |a French  |z Egypt. 
650 0 |a Travelers, French. 
650 0 |a French literature  |x History and criticism. 
651 0 |a Egypt  |x Description and travel. 
651 0 |a Egypt  |x History  |y 1517-1882. 
901 |a reviewed 
942 |2 lcc  |c BK 
999 |c 62191  |d 62191